000 00187 a2200097 4500
020 _a9780545164405
041 _aeng
100 _aLynn Maslen Kertell
245 _aThe Parade
942 _cK
999 _c27834
_d27834